[Event "Titled Tuesday intern op 21st Mar Late"]
[Site "Chess.com INT"]
[Date "2023.03.21"]
[Round "5"]
[White "Caceres Benitez, Arturo Eduardo"]
[Black "Rose, Felix"]
[Result "0-1"]
[WhiteElo "2033"]
[BlackElo "2091"]
[PlyCount "64"]
[EventDate "2023.03.21"]
[EventType "swiss (blitz)"]
[EventRounds "11"]
[EventCountry "USA"]
[SourceTitle "EXT 2024"]
[Source "ChessBase"]
[SourceDate "2023.10.10"]
[SourceVersion "1"]
[SourceVersionDate "2023.10.10"]
[SourceQuality "1"]

1. f3 d5 2. d4 Nf6 3. e3 c5 4. c3 Nc6 5. Bd3 Qc7 6. Ne2 e5 7. dxe5 Nxe5 8. Bc2 Bd6 9. Kf2 0-0 10. Nf4 d4 11. exd4 cxd4 12. cxd4 Neg4+ 13. fxg4 Bxf4 14. h3 Be6 15. Nc3 Rad8 16. Qf3 Bxc1 17. Raxc1 Rxd4 18. Rhd1 Rf4 19. Qxf4 Qxf4+ 20. Kg1 h5 21. gxh5 Nxh5 22. Rf1 Qe3+ 23. Kh2 Ng3 24. Rfe1 Qf2 25. Be4 Qf4 26. Kg1 Rc8 27. Rcd1 Rxc3 28. bxc3 Nxe4 29. Rf1 Qe3+ 30. Kh2 Qg3+ 31. Kg1 Bxh3 32. Rd8+ Kh7 0-1